00579 a2200169 4500003000500000005001700005040000900022082001500031100004000046245008800086260002800174300001000202650002800212942002400240999001900264952012600283Nust20230228134711.0 cNust a297.02,NAD aNadvi, Muhammad Shahab udin9109637 aIslam ke Nishatt-e-Sania Quran ke Nazar main / cMaulana Muhammad Shahab udin Nadvi aKarachibMujlis-e-Islam a571:p aIslam and Quran9109638 2ddccBKk297.02,NAD c188192d188192 00102ddc4070aMCSbMCScGENd2016-12-12o297.02,NADpMCS26014r2016-12-08w2016-12-12yBKzAlmirah No. 63, Shelf No. 3